000
00329nam a2200133Ia 4500
008
221007s9999 xx 000 0 und d
041
_a
eng
082
_b
SEN
100
_a
Sengaonkar R (2K4223)
_9
102127
245
_a
Online Marraige Bureau
260
_c
2006
_b
Pune University
_a
Pune
520
_a
Dhamdhere S
906
_b
General
999
_c
69285
_d
69285